[Event "Mid Bohemia Region-chT 2223"]
[Site "Czech Republic"]
[Date "2022.11.27"]
[Round "4.1"]
[White "Hulin, Petr"]
[Black "Zvolensky, David"]
[Result "1-0"]
[WhiteElo "2060"]
[BlackElo "2216"]
[PlyCount "55"]
[EventDate "2022.10.09"]
[EventType "team-tourn"]
[EventRounds "11"]
[EventCountry "CZE"]
[SourceTitle "EXT 2024"]
[Source "ChessBase"]
[SourceDate "2023.10.10"]
[SourceVersion "1"]
[SourceVersionDate "2023.10.10"]
[SourceQuality "1"]
[WhiteTeam "Bakov nad Jizerou II"]
[BlackTeam "Vlasim II"]
[WhiteTeamCountry "CZE"]
[BlackTeamCountry "CZE"]

1. d4 Nf6 2. Nf3 d5 3. e3 c5 4. dxc5 e6 5. c4 Bxc5 6. Nc3 dxc4 7. Qxd8+ Kxd8 8. Bxc4 a6 9. Ng5 Ke7 10. Nge4 Ba7 11. b3 Nxe4 12. Nxe4 f5 13. Ba3+ Kf7 14. Nd6+ Kf6 15. Bb2+ e5 16. Nf7 Re8 17. Nxe5 Ke7 18. Nd3 Rd8 19. Nf4 Bc5 20. Bxg7 b5 21. Bd5 Ra7 22. Bd4 Bxd4 23. exd4 Rad7 24. Rc1 a5 25. 0-0 Na6 26. Rfe1+ Kf6 27. Be6 Re7 28. Rxc8 1-0

[Event "Klatovy op 28th"]
[Site "Klatovy"]
[Date "2022.07.09"]
[Round "8"]
[White "Dvorak, Jan"]
[Black "Hulin, Petr"]
[Result "1/2-1/2"]
[WhiteElo "2194"]
[BlackElo "2090"]
[PlyCount "31"]
[EventDate "2022.07.02"]
[EventType "swiss"]
[EventRounds "9"]
[EventCountry "CZE"]
[SourceTitle "EXT 2023"]
[Source "ChessBase"]
[SourceDate "2022.10.05"]
[SourceVersion "1"]
[SourceVersionDate "2022.10.05"]
[SourceQuality "1"]

1. d4 Nf6 2. c4 e6 3. Nc3 Bb4 4. e3 b6 5. Bd3 Bb7 6. Nf3 Ne4 7. 0-0 Bxc3 8. bxc3 f5 9. Ne1 0-0 10. f3 Nf6 11. Qe2 d6 12. e4 fxe4 13. fxe4 e5 14. Nc2 Nbd7 15. d5 Qe8 16. Ne3 1/2-1/2

[Event "Ceske Budejovice op"]
[Site "Ceske Budejovice"]
[Date "2021.07.07"]
[Round "7"]
[White "Zhou, Lepu Coco"]
[Black "Hulin, Petr"]
[Result "1-0"]
[WhiteElo "1873"]
[BlackElo "2074"]
[PlyCount "55"]
[EventDate "2021.07.01"]
[EventType "swiss"]
[EventRounds "9"]
[EventCountry "CZE"]
[SourceTitle "CBM 203 Extra"]
[Source "ChessBase"]
[SourceDate "2021.09.30"]
[SourceVersion "1"]
[SourceVersionDate "2021.09.30"]
[SourceQuality "1"]

1. e4 e6 2. d4 d5 3. Nc3 Bb4 4. e5 c5 5. a3 Bxc3+ 6. bxc3 Ne7 7. Qg4 Qc7 8. Bd3 cxd4 9. Ne2 dxc3 10. Qxg7 Rg8 11. Qxh7 Qxe5 12. Bf4 Qh8 13. Qxh8 Rxh8 14. h4 Nbc6 15. Nxc3 e5 16. Bg5 e4 17. Bb5 Be6 18. 0-0-0 Kf8 19. f3 f5 20. fxe4 dxe4 21. g4 Ne5 22. gxf5 Bxf5 23. Bf6 Rh5 24. Bxe5 Bg4 25. Rdf1+ Bf3 26. Nxe4 Rf5 27. Nd6 Bxh1 28. Nxf5 1-0

[Event "CZE-chT2C 1920"]
[Site "Czech Republic"]
[Date "2019.11.03"]
[Round "2.7"]
[White "Hulin, Petr"]
[Black "Lhotska, Anna"]
[Result "1-0"]
[WhiteElo "2068"]
[BlackElo "1760"]
[PlyCount "47"]
[EventDate "2019.10.13"]
[EventType "team-tourn"]
[EventRounds "11"]
[EventCountry "CZE"]
[SourceTitle "EXT 2024"]
[Source "ChessBase"]
[SourceDate "2023.10.10"]
[SourceVersion "1"]
[SourceVersionDate "2023.10.10"]
[SourceQuality "1"]
[WhiteTeam "Bakov nad Jizerou"]
[BlackTeam "Praha Oaza II"]
[WhiteTeamCountry "CZE"]
[BlackTeamCountry "CZE"]

1. d4 Nf6 2. Nf3 e6 3. e3 c5 4. Bd3 b6 5. 0-0 Bb7 6. Nbd2 Be7 7. b3 0-0 8. Bb2 d5 9. Ne5 Nc6 10. Ndf3 Rc8 11. Nxc6 Rxc6 12. Ne5 Rc7 13. c4 Qa8 14. f3 Rd8 15. Qe2 Nd7 16. f4 Nf6 17. f5 exf5 18. Bxf5 dxc4 19. bxc4 Be4 20. d5 Bxf5 21. Rxf5 b5 22. Nc6 Rd6 23. e4 Nd7 24. Nxe7+ 1-0

[Event "CZE-chT2C 1819"]
[Site "Czech Republic"]
[Date "2019.03.31"]
[Round "11.6"]
[White "Flasar, Jaroslav"]
[Black "Hulin, Petr"]
[Result "0-1"]
[WhiteElo "2050"]
[BlackElo "1980"]
[PlyCount "134"]
[EventDate "2018.10.14"]
[EventType "team-tourn"]
[EventRounds "11"]
[EventCountry "CZE"]
[SourceTitle "EXT 2022"]
[Source "ChessBase"]
[SourceDate "2021.10.06"]
[SourceVersion "1"]
[SourceVersionDate "2021.10.06"]
[SourceQuality "1"]
[WhiteTeam "Hradec Kralove II"]
[BlackTeam "Bakov nad Jizerou"]
[WhiteTeamCountry "CZE"]
[BlackTeamCountry "CZE"]

1. e4 e6 2. d4 d5 3. e5 c5 4. c3 Nc6 5. Be3 cxd4 6. cxd4 Qb6 7. Qd2 Bd7 8. Nc3 Rc8 9. f4 Nh6 10. Nf3 Na5 11. Rc1 Nf5 12. Bf2 h5 13. Bd3 Nc4 14. Bxc4 Rxc4 15. a3 Be7 16. 0-0 0-0 17. h3 Rfc8 18. g4 hxg4 19. hxg4 Nh6 20. Nh2 Qa5 21. Be3 Bxa3 22. Ra1 Rxc3 23. bxc3 Qxc3 24. Kf2 Qxd2+ 25. Bxd2 Bb2 26. Rab1 Bxd4+ 27. Ke2 a6 28. Rfc1 Rxc1 29. Rxc1 Bb5+ 30. Kf3 Bc6 31. Nf1 Kf8 32. Bb4+ Ke8 33. Nd2 Bb6 34. Nb3 d4+ 35. Kg3 Bd5 36. Bc5 Bxc5 37. Nxc5 f6 38. exf6 gxf6 39. g5 Nf5+ 40. Kg4 Kf7 41. Nd3 Ne3+ 42. Kh5 Bf3+ 43. Kh4 Be2 44. Nf2 Nf5+ 45. Kh3 fxg5 46. fxg5 Kg6 47. Ne4 Bf3 48. Nd2 Bd5 49. Kg4 e5 50. Rc5 Ne3+ 51. Kh4 e4 52. Kg3 b6 53. Rc8 Kxg5 54. Rb8 Nf5+ 55. Kf2 e3+ 56. Ke1 exd2+ 57. Kxd2 Bc4 58. Rxb6 Kf4 59. Rc6 Bb5 60. Re6 Ng3 61. Rf6+ Ke5 62. Rh6 Ne4+ 63. Kc1 d3 64. Rh2 Kd4 65. Ra2 Ke3 66. Ra3 Ke2 67. Ra2+ d2+ 0-1

[Event "CZE-chT2C 1819"]
[Site "Czech Republic"]
[Date "2019.03.17"]
[Round "10.6"]
[White "Hulin, Petr"]
[Black "Polansky, Adam Lubos"]
[Result "1-0"]
[WhiteElo "1980"]
[BlackElo "1949"]
[PlyCount "37"]
[EventDate "2018.10.14"]
[EventType "team-tourn"]
[EventRounds "11"]
[EventCountry "CZE"]
[SourceTitle "EXT 2022"]
[Source "ChessBase"]
[SourceDate "2021.10.06"]
[SourceVersion "1"]
[SourceVersionDate "2021.10.06"]
[SourceQuality "1"]
[WhiteTeam "Bakov nad Jizerou"]
[BlackTeam "Jicin"]
[WhiteTeamCountry "CZE"]
[BlackTeamCountry "CZE"]

1. d4 d5 2. Nf3 e6 3. e3 Nf6 4. Bd3 Bd6 5. Nbd2 0-0 6. 0-0 b6 7. e4 dxe4 8. Nxe4 Nxe4 9. Bxe4 c6 10. Re1 Bb7 11. Bxh7+ Kxh7 12. Ng5+ Kg6 13. Qg4 f5 14. Qh3 Bc8 15. Qh7+ Kf6 16. Nxe6 Bxe6 17. Bg5+ Kf7 18. Bxd8 Rxd8 19. Qh5+ 1-0

[Event "CZE-chT2C 1819"]
[Site "Czech Republic"]
[Date "2018.10.14"]
[Round "1.6"]
[White "Lastovka, Jan"]
[Black "Hulin, Petr"]
[Result "0-1"]
[WhiteElo "2080"]
[BlackElo "1980"]
[PlyCount "66"]
[EventDate "2018.10.14"]
[EventType "team-tourn"]
[EventRounds "11"]
[EventCountry "CZE"]
[SourceTitle "EXT 2022"]
[Source "ChessBase"]
[SourceDate "2021.10.06"]
[SourceVersion "1"]
[SourceVersionDate "2021.10.06"]
[SourceQuality "1"]
[WhiteTeam "Liberec Desko"]
[BlackTeam "Bakov nad Jizerou"]
[WhiteTeamCountry "CZE"]
[BlackTeamCountry "CZE"]

1. e4 c5 2. b3 e6 3. Bb2 Nf6 4. e5 Nd5 5. Qg4 Nc6 6. a3 Qc7 7. Nf3 b6 8. Bd3 Bb7 9. 0-0 0-0-0 10. Re1 f5 11. Qa4 Be7 12. Nc3 Nxc3 13. Bxc3 g5 14. Kf1 h5 15. b4 g4 16. Ng1 h4 17. h3 Rhg8 18. Ba6 Kb8 19. Bxb7 Qxb7 20. f3 Rg7 21. bxc5 Bxc5 22. d4 b5 23. Qb3 Nxd4 24. Qb2 gxh3 25. Bxd4 Bxd4 26. Qxd4 h2 27. Qxh4 hxg1Q+ 28. Kxg1 Rdg8 29. Qf2 Rg3 30. Kf1 Qc6 31. Re2 Qc4 32. Kg1 Rxg2+ 33. Qxg2 Qd4+ 0-1

[Event "Klatovy op-A 24th"]
[Site "Klatovy"]
[Date "2018.07.07"]
[Round "8"]
[White "Hulin, Petr"]
[Black "Vartazarian, Gor"]
[Result "1/2-1/2"]
[WhiteElo "2090"]
[BlackElo "1775"]
[PlyCount "33"]
[EventDate "2018.06.30"]
[EventType "swiss"]
[EventRounds "9"]
[EventCountry "CZE"]
[SourceTitle "EXT 2019"]
[Source "ChessBase"]
[SourceDate "2018.10.10"]
[SourceVersion "1"]
[SourceVersionDate "2018.10.10"]
[SourceQuality "1"]

1. d4 f5 2. e4 fxe4 3. Nc3 Nf6 4. Bg5 e6 5. Nxe4 Be7 6. Bxf6 Bxf6 7. Nf3 0-0 8. Bd3 Nc6 9. c3 b6 10. Qe2 h5 11. 0-0 Bb7 12. Rad1 Ne7 13. Bb1 Nd5 14. Qc2 g6 15. a3 Be7 16. Ne5 Qe8 17. Rde1 1/2-1/2

[Event "CZE-chT2B 1718"]
[Site "Czech Republic"]
[Date "2017.11.19"]
[Round "3.4"]
[White "Hulin, Petr"]
[Black "Jares, Jiri"]
[Result "1/2-1/2"]
[WhiteElo "2112"]
[BlackElo "1978"]
[PlyCount "55"]
[EventDate "2017.10.15"]
[EventType "team-tourn"]
[EventRounds "11"]
[EventCountry "CZE"]
[SourceTitle "EXT 2022"]
[Source "ChessBase"]
[SourceDate "2021.10.06"]
[SourceVersion "1"]
[SourceVersionDate "2021.10.06"]
[SourceQuality "1"]
[WhiteTeam "Bakov nad Jizerou"]
[BlackTeam "Liberec Slavia"]
[WhiteTeamCountry "CZE"]
[BlackTeamCountry "CZE"]

1. d4 Nf6 2. Nf3 e6 3. e3 b6 4. Bd3 Bb7 5. Nbd2 Be7 6. 0-0 d5 7. Ne5 Nbd7 8. f4 0-0 9. Qf3 c5 10. c3 g6 11. g4 Ne8 12. g5 Ng7 13. Qg4 Nxe5 14. dxe5 Nf5 15. Nf3 d4 16. cxd4 cxd4 17. e4 Ne3 18. Bxe3 dxe3 19. Rad1 b5 20. Be2 Qb6 21. f5 Rfc8 22. fxe6 fxe6 23. Rd6 Bxd6 24. Qxe6+ Kh8 25. exd6 Rf8 26. Qe5+ Kg8 27. Qe6+ Kh8 28. Qe5+ 1/2-1/2

[Event "CZE-chT2B 1718"]
[Site "Czech Republic"]
[Date "2017.10.15"]
[Round "1.5"]
[White "Hulin, Petr"]
[Black "Bores, Miroslav"]
[Result "0-1"]
[WhiteElo "2112"]
[BlackElo "2175"]
[PlyCount "62"]
[EventDate "2017.10.15"]
[EventType "team-tourn"]
[EventRounds "11"]
[EventCountry "CZE"]
[SourceTitle "EXT 2022"]
[Source "ChessBase"]
[SourceDate "2021.10.06"]
[SourceVersion "1"]
[SourceVersionDate "2021.10.06"]
[SourceQuality "1"]
[WhiteTeam "Bakov nad Jizerou"]
[BlackTeam "Decin"]
[WhiteTeamCountry "CZE"]
[BlackTeamCountry "CZE"]

1. d4 Nf6 2. Nf3 e6 3. e3 d5 4. Bd3 Nbd7 5. Nbd2 c5 6. c3 Qc7 7. 0-0 Bd6 8. Re1 0-0 9. e4 dxe4 10. Nxe4 Nxe4 11. Rxe4 g6 12. Rh4 c4 13. Bc2 f5 14. Bh6 Re8 15. Bg5 b5 16. Qd2 Bb7 17. Rd1 Bd5 18. Bf4 Bxf4 19. Rxf4 Nf6 20. Rh4 Qe7 21. Rh3 Bxf3 22. Rxf3 Nd5 23. Re1 Qg7 24. Re5 Rad8 25. h4 a5 26. Rg3 Qf6 27. h5 Re7 28. hxg6 hxg6 29. Rh3 Rg7 30. Bd1 g5 31. g3 Nf4 0-1

[Event "CZE-chT2B 1617"]
[Site "Czech Republic"]
[Date "2017.04.02"]
[Round "11.4"]
[White "Hulin, Petr"]
[Black "Flasar, Jaroslav"]
[Result "0-1"]
[WhiteElo "2111"]
[BlackElo "2086"]
[PlyCount "56"]
[EventDate "2016.10.09"]
[EventType "team-tourn"]
[EventRounds "11"]
[EventCountry "CZE"]
[SourceTitle "EXT 2022"]
[Source "ChessBase"]
[SourceDate "2021.10.06"]
[SourceVersion "1"]
[SourceVersionDate "2021.10.06"]
[SourceQuality "1"]
[WhiteTeam "Bakov nad Jizerou"]
[BlackTeam "Horice"]
[WhiteTeamCountry "CZE"]
[BlackTeamCountry "CZE"]

1. d4 f5 2. e4 fxe4 3. Nc3 Nf6 4. Bg5 g6 5. f3 exf3 6. Nxf3 d5 7. Ne5 Bf5 8. Bd3 Bxd3 9. Qxd3 Bg7 10. Qh3 Nbd7 11. 0-0 c6 12. Rae1 Rf8 13. Qe6 Nxe5 14. dxe5 Nd7 15. Rxf8+ Bxf8 16. Rf1 Qb6+ 17. Kh1 0-0-0 18. Bxe7 Bxe7 19. Qxe7 Qxb2 20. Nd1 Qxe5 21. Qh4 Re8 22. h3 h5 23. Qa4 a6 24. Qb3 Qe2 25. Rg1 Nc5 26. Qb6 Ne4 27. Qa7 Ng3+ 28. Kh2 Qe5 0-1

[Event "CZE-chT2B 1617"]
[Site "Czech Republic"]
[Date "2017.03.19"]
[Round "10.5"]
[White "Hulin, Petr"]
[Black "Kucera, Jaroslav"]
[Result "1-0"]
[WhiteElo "2111"]
[BlackElo "1937"]
[PlyCount "91"]
[EventDate "2016.10.09"]
[EventType "team-tourn"]
[EventRounds "11"]
[EventCountry "CZE"]
[SourceTitle "EXT 2022"]
[Source "ChessBase"]
[SourceDate "2021.10.06"]
[SourceVersion "1"]
[SourceVersionDate "2021.10.06"]
[SourceQuality "1"]
[WhiteTeam "Bakov nad Jizerou"]
[BlackTeam "Liberec Desko"]
[WhiteTeamCountry "CZE"]
[BlackTeamCountry "CZE"]

1. d4 d6 2. Nf3 Bg4 3. c4 Nd7 4. Qb3 Rb8 5. Nc3 c6 6. Be3 Ngf6 7. Nd2 h6 8. f3 Bf5 9. Bf2 Qb6 10. e4 Bh7 11. g4 Qc7 12. Bg3 e5 13. d5 Be7 14. Bf2 a6 15. h4 0-0 16. Qd1 cxd5 17. cxd5 Rfc8 18. Ba7 Ra8 19. Be3 Kh8 20. Nb3 Ng8 21. Qd2 Qd8 22. g5 f5 23. exf5 Bxf5 24. Bd3 Bxd3 25. Qxd3 h5 26. 0-0-0 Qe8 27. Kb1 Nf8 28. f4 exf4 29. Bxf4 Qg6 30. Bg3 b5 31. Qxg6 Nxg6 32. Nd4 Ne5 33. Rhe1 Nc4 34. Nc6 Bf8 35. Re6 Re8 36. Rde1 Rxe6 37. Rxe6 Nd2+ 38. Kc2 Nf3 39. Kd3 b4 40. Na4 a5 41. Nb6 Ra6 42. Nd7 Ra8 43. Ke2 Ne5 44. Bxe5 dxe5 45. Ncxe5 Kh7 46. g6+ 1-0

[Event "CZE-chT2B 1617"]
[Site "Czech Republic"]
[Date "2016.12.11"]
[Round "5.6"]
[White "Vrbata, Zbynek"]
[Black "Hulin, Petr"]
[Result "1/2-1/2"]
[WhiteElo "2314"]
[BlackElo "2111"]
[PlyCount "37"]
[EventDate "2016.10.09"]
[EventType "team-tourn"]
[EventRounds "11"]
[EventCountry "CZE"]
[SourceTitle "EXT 2022"]
[Source "ChessBase"]
[SourceDate "2021.10.06"]
[SourceVersion "1"]
[SourceVersionDate "2021.10.06"]
[SourceQuality "1"]
[WhiteTeam "Bartos Unichess II"]
[BlackTeam "Bakov nad Jizerou"]
[WhiteTeamCountry "CZE"]
[BlackTeamCountry "CZE"]

1. d4 Nf6 2. c4 e6 3. Nf3 d5 4. Nc3 Nbd7 5. cxd5 exd5 6. Bg5 Be7 7. e3 0-0 8. Bd3 c6 9. Qc2 Re8 10. 0-0 h6 11. Bh4 Ne4 12. Bxe7 Qxe7 13. Bxe4 dxe4 14. Nd2 Nf6 15. Na4 b6 16. Rfc1 Ba6 17. a3 Rad8 18. b4 Rd5 19. Qd1 1/2-1/2

[Event "CZE-chT2B 1617"]
[Site "Czech Republic"]
[Date "2016.10.23"]
[Round "4.5"]
[White "Ta, Van Duy"]
[Black "Hulin, Petr"]
[Result "0-1"]
[WhiteElo "2089"]
[BlackElo "2111"]
[PlyCount "114"]
[EventDate "2016.10.09"]
[EventType "team-tourn"]
[EventRounds "11"]
[EventCountry "CZE"]
[SourceTitle "EXT 2022"]
[Source "ChessBase"]
[SourceDate "2021.10.06"]
[SourceVersion "1"]
[SourceVersionDate "2021.10.06"]
[SourceQuality "1"]
[WhiteTeam "Teplice"]
[BlackTeam "Bakov nad Jizerou"]
[WhiteTeamCountry "CZE"]
[BlackTeamCountry "CZE"]

1. e4 c5 2. Nc3 e6 3. Nf3 a6 4. d4 cxd4 5. Nxd4 Qc7 6. Bd3 Nc6 7. Nb3 Nf6 8. 0-0 b5 9. f4 h5 10. h3 Qa7+ 11. Rf2 b4 12. Na4 d5 13. e5 Nd7 14. Qf3 Bb7 15. c3 bxc3 16. bxc3 g5 17. Be3 d4 18. cxd4 Nb4 19. Qe2 gxf4 20. Bxf4 Be7 21. Rc1 Nxd3 22. Qxd3 Rd8 23. Qe3 Rg8 24. Kh2 Qa8 25. Rcc2 Be4 26. Rce2 Bc6 27. Nc3 Nb6 28. Bh6 Bh4 29. Rf3 Bxf3 30. gxf3 Nd5 31. Nxd5 Qxd5 32. Rg2 Rxg2+ 33. Kxg2 Rc8 34. Qd2 Kd7 35. Nc5+ Kc6 36. Ne4 Rg8+ 37. Kh2 Qc4 38. Be3 Be7 39. Qc3 Qxc3 40. Nxc3 Rb8 41. Kg3 Rg8+ 42. Kh2 Rc8 43. Kg3 Kd7 44. Ne4 Rc2 45. a3 Ra2 46. Bc1 a5 47. Kf4 a4 48. h4 Ra1 49. Bb2 Rh1 50. Nf6+ Bxf6 51. exf6 Rxh4+ 52. Kg3 Rh1 53. Bc3 Rb1 54. Bd2 Rd1 55. Bc3 Rd3 56. Bb2 Kc6 57. Kf4 Kd5 0-1

[Event "CZE-chT2B 1516"]
[Site "Czech Republic"]
[Date "2016.02.21"]
[Round "8.6"]
[White "Hajny, Miloslav"]
[Black "Hulin, Petr"]
[Result "0-1"]
[WhiteElo "2041"]
[BlackElo "2078"]
[PlyCount "68"]
[EventDate "2015.10.18"]
[EventType "team-tourn"]
[EventRounds "11"]
[EventCountry "CZE"]
[SourceTitle "EXT 2022"]
[Source "ChessBase"]
[SourceDate "2021.10.06"]
[SourceVersion "1"]
[SourceVersionDate "2021.10.06"]
[SourceQuality "1"]
[WhiteTeam "Mlada Boleslav"]
[BlackTeam "Bakov nad Jizerou"]
[WhiteTeamCountry "CZE"]
[BlackTeamCountry "CZE"]

1. Nf3 Nf6 2. g3 b6 3. Bg2 Bb7 4. c4 c5 5. Nc3 e6 6. 0-0 Be7 7. d3 d6 8. e4 0-0 9. a3 Nbd7 10. Re1 Qc7 11. b4 a6 12. Bb2 Rfe8 13. Rc1 Rad8 14. Qb3 Bf8 15. d4 cxd4 16. Nxd4 Ne5 17. Nb1 Nfd7 18. Nd2 Qb8 19. f4 Ng6 20. Rf1 Qa8 21. Qd3 Nf6 22. Rce1 Ne7 23. Bf3 e5 24. Ne2 b5 25. Qb1 bxc4 26. Nxc4 Nxe4 27. fxe5 Ng5 28. Bxb7 Qxb7 29. Nf4 dxe5 30. Bxe5 Ng6 31. Qf5 Nf3+ 32. Rxf3 Qxf3 33. Rf1 Rxe5 34. Qxe5 Nxe5 0-1

[Event "CZE-chT2B 1516"]
[Site "Czech Republic"]
[Date "2016.02.07"]
[Round "7.4"]
[White "Hulin, Petr"]
[Black "Hrbolka, Ladislav"]
[Result "0-1"]
[WhiteElo "2078"]
[BlackElo "2104"]
[PlyCount "90"]
[EventDate "2015.10.18"]
[EventType "team-tourn"]
[EventRounds "11"]
[EventCountry "CZE"]
[SourceTitle "EXT 2022"]
[Source "ChessBase"]
[SourceDate "2021.10.06"]
[SourceVersion "1"]
[SourceVersionDate "2021.10.06"]
[SourceQuality "1"]
[WhiteTeam "Bakov nad Jizerou"]
[BlackTeam "Most Chess"]
[WhiteTeamCountry "CZE"]
[BlackTeamCountry "CZE"]

1. d4 Nf6 2. Nf3 g6 3. b3 Bg7 4. Bb2 0-0 5. Nbd2 c5 6. dxc5 Na6 7. e3 Nxc5 8. Be2 b6 9. 0-0 Bb7 10. c4 d6 11. b4 Ncd7 12. Qb3 e5 13. Rfd1 Qe7 14. Nf1 Kh8 15. Rac1 Ne4 16. Ng3 f5 17. Ne1 Ndf6 18. Rc2 Rad8 19. Bf3 h5 20. Bxe4 fxe4 21. Rcd2 Ng4 22. Nh1 h4 23. h3 Nh6 24. Ba3 Qc7 25. c5 dxc5 26. bxc5 Rxd2 27. Rxd2 Rd8 28. cxb6 axb6 29. Qd1 Rxd2 30. Qxd2 Ba6 31. f3 Kh7 32. fxe4 Qc4 33. Nf3 Bf6 34. Qd7+ Nf7 35. Nf2 Kg7 36. Ng4 Qxe4 37. Nxf6 Qxe3+ 38. Kh1 Kxf6 39. Qe7+ Kg7 40. Qf8+ Kf6 41. Be7+ Ke6 42. Bxh4 g5 43. Bg3 Bb7 44. Qe8+ Kf6 45. Ne1 Qxg3 0-1

[Event "CZE-chT rap"]
[Site "Pardubice"]
[Date "2015.07.16"]
[Round "1.2"]
[White "Hulin, Petr"]
[Black "Petr, Martin"]
[Result "0-1"]
[WhiteElo "2074"]
[BlackElo "2520"]
[PlyCount "58"]
[EventDate "2015.07.16"]
[EventType "team-swiss"]
[EventRounds "7"]
[EventCountry "CZE"]
[SourceTitle "CBM 167 Extra"]
[Source "ChessBase"]
[SourceDate "2015.09.14"]
[SourceVersion "1"]
[SourceVersionDate "2015.09.14"]
[SourceQuality "1"]

1. d4 Nf6 2. c4 g6 3. f3 Nc6 4. d5 Ne5 5. e4 d6 6. Nc3 Bg7 7. f4 Ned7 8. Nh3 0-0 9. Be2 Nc5 10. Nf2 e5 11. 0-0 exf4 12. Bxf4 Qe7 13. Bf3 Nfd7 14. Nd3 Nxd3 15. Qxd3 Ne5 16. Qe2 Bd7 17. Rae1 Rae8 18. Nb5 a6 19. Nc3 f5 20. Qc2 Nxc4 21. Nd1 b5 22. b3 Bd4+ 23. Kh1 Be5 24. Bxe5 Nxe5 25. exf5 Bxf5 26. Be4 Ng4 27. Nc3 b4 28. h3 bxc3 29. hxg4 Bxe4 0-1